|
|
|
|
| LEADER |
01267nam a2200277 a 4500 |
| 001 |
152541 |
| 008 |
980102s1997 bg a 001 0 eng d |
| 010 |
|
|
|a \\\98100116
|
| 020 |
|
|
|a 9845510914
|
| 040 |
|
|
|a DLC
|c DLC
|
| 082 |
0 |
0 |
|a 363.9/6/095492
|2 21
|
| 100 |
0 |
|
|a Barkat-e-Khuda.
|
| 245 |
1 |
0 |
|a Bangladesh family planning programme :
|b lessons learned and directions for the future /
|c Barkat-e-Khuda, John Stoeckel, Nancy Piet-Pelon.
|
| 260 |
|
|
|a Dhaka :
|b International Centre for Diarrhoeal Disease Research, Bangladesh,
|c c1997.
|
| 300 |
|
|
|a xv, 80 p. ;
|c 27cm.
|
| 490 |
1 |
|
|a ICDDR,B monograph ;
|v no. 6
|
| 504 |
|
|
|a Includes bibliographical references (p. 63-75) and index.
|
| 541 |
1 |
|
|e 00006242
|
| 650 |
|
0 |
|a Birth control
|z Bangladesh.
|
| 700 |
1 |
|
|a Stoeckel, John E.
|
| 700 |
1 |
|
|a Piet-Pelon, Nancy J.
|
| 710 |
2 |
|
|a International Centre for Diarrhoeal Disease Research, Bangladesh.
|
| 830 |
|
0 |
|a Monograph (International Centre for Diarrhoeal Disease Research, Bangladesh) ;
|v no. 6.
|
| 852 |
4 |
|
|a Ayesha Abed Library
|j General shelf
|
| 999 |
|
|
|c 4435
|d 4435
|
| 952 |
|
|
|0 0
|1 0
|2 ddc
|4 0
|6 363_960954920000000_BAR_1997
|7 0
|9 4146
|a BRACUL
|b BRACUL
|c GEN
|d 2009-10-11
|g 0.00
|l 0
|o 363.96095492 BAR
|p 3010006242
|r 2009-10-11
|t 1
|w 2009-10-11
|y BK
|x No price found in the accession register.
|